| 000 | 00790cab a2200253 4500 | ||
|---|---|---|---|
| 001 | ABS57666 | ||
| 008 | 090401t1997 xxu||||| |||| 00| 0 eng d | ||
| 035 | _a(Sirsi) u80735 | ||
| 041 | _aeng | ||
| 100 | _aSeidl, A. | ||
| 245 | _aTop-drawer briefs | ||
| 260 | _c1997 | ||
| 350 | _a0 | ||
| 490 |
_aEstates Gazette _v(9736) 6 September 1997, 98-100(3) |
||
| 520 | _aAnalyses the league table of commercial property law firms according to "Chambers Directory of Leading Law Firms 1997-1998" which puts Linklaters and Paines on top. | ||
| 650 | _aPROPERTY-COMMERCIAL PROPERTY | ||
| 650 | _aLAW FIRMS | ||
| 650 | _aLAWYERS | ||
| 650 | _aLEAGUE TABLE | ||
| 650 | _aRANKING | ||
| 690 | _aMANAGEMENT-BUSINESS MANAGEMENT-PROFESSIONAL PRACTICE | ||
| 942 | _n0 | ||
| 948 | _c09/09/1997 | ||
| 999 |
_c50829 _d50829 |
||